| 000 | 02435cam a2200349 a 4500 | ||
|---|---|---|---|
| 003 | EG-GiCUC | ||
| 005 | 20250223031446.0 | ||
| 008 | 160323s2015 ua h f m 000 0 eng d | ||
| 040 |
_aEG-GiCUC _beng _cEG-GiCUC |
||
| 041 | 0 | _aeng | |
| 049 | _aDeposite | ||
| 097 | _aPh.D | ||
| 099 | _aCai01.11.01.Ph.D.2015.Ah.S | ||
| 100 | 0 | _aAhmed Abdelaziz Mohamed | |
| 245 | 1 | 0 |
_aSonographic evaluation of internal jugular vein diameter and cross-sectional area measurements as a tool for perioperative assessment of volume status and fluid therapy in pediatric patients undergoing cardiac surgery / _cAhmed Abdelaziz Mohamed ; Supervised Wafaa Mohamed Elsadek , Amal Hanfy AboElaela , Heba Mohamed Nassar |
| 246 | 1 | 5 | _aتقييم الموجات الصوتية لقياسات القطر و المساحة العرضية من الوريد الوداجى الداخلي اثناء الجراحة كوسيلة لتحديد حالة السوائل داخل جسم الأطفال الخاضعين لعمليات القلب |
| 260 |
_aCairo : _bAhmed Abdelaziz Mohamed , _c2015 |
||
| 300 |
_a88 Leaves : _bfacsimiles ; _c25cm |
||
| 502 | _aThesis (Ph.D.) - Cairo University - Faculty of Medicine - Department of Anaesthesia | ||
| 520 | _aThe aim of this study was to compare the ultrasound estimation of the cross sectional area and diameter of internal jugular vein (IJV) with direct estimation of central venous pressure (CVP) and left ventricular end diastolic area (LVEDA) for assessment of intravascular volume in pediatric patients during cardiac surgery. A portable ultrasound machine defined the cross sectional area and diameter of the left internal jugular vein in 16 pediatric patients. CVP was measured directly. Trans-esophageal echo (TEE) was used to estimate LVEDA as another tool for intravascular volume assessment. There was poor correlation between IJV cross sectional area and diameter with CVP and LVEDA. Estimation of CVP using ultrasound of the internal jugular vein is not reliable and cannot be used alone to decide further management | ||
| 530 | _aIssued also as CD | ||
| 653 | 4 | _aAVH | |
| 653 | 4 | _aPVBA | |
| 653 | 4 | _aVKA | |
| 700 | 0 |
_aAmal Hanfy AboElaela , _eSupervisor |
|
| 700 | 0 |
_aHeba Mohamed Nassar , _eSupervisor |
|
| 700 | 0 |
_aWafaa Mohamed Elsadek , _eSupervisor |
|
| 856 | _uhttp://172.23.153.220/th.pdf | ||
| 905 |
_aNazla _eRevisor |
||
| 905 |
_aSamia _eCataloger |
||
| 942 |
_2ddc _cTH |
||
| 999 |
_c55694 _d55694 |
||